00337nam a22001217a 4500020001800000082001500018100001900033245006100052260003800113300001000151650001900161650003500180 a9789392099748 aA6x54 G747 aGowda, Chandan aAnother India: event, memories, peoplecby Chandan Gowda aNew DelhibSimon & Schusterc2023 a267p. aIndia- History aIndia - Civilization - History